Tales of a fourth grade nothing / (Record no. 4577)

MARC details
000 -LEADER
fixed length control field 00875nam a22003017a 4500
001 - CONTROL NUMBER
control field 4577
003 - CONTROL NUMBER IDENTIFIER
control field FISKH
005 - DATE AND TIME OF LATEST TRANSACTION
control field 20240917111231.0
008 - FIXED-LENGTH DATA ELEMENTS--GENERAL INFORMATION
fixed length control field 240917b cb ||||| |||| 00| 0 eng d
020 ## - INTERNATIONAL STANDARD BOOK NUMBER
International Standard Book Number 044048474X
040 ## - CATALOGING SOURCE
Original cataloging agency FISKH
Language of cataloging eng
Transcribing agency FISKH
Modifying agency FISKH
050 ## - LIBRARY OF CONGRESS CALL NUMBER
Classification number PZ7.B6265
082 ## - DEWEY DECIMAL CLASSIFICATION NUMBER
Edition number 813.54
100 ## - MAIN ENTRY--PERSONAL NAME
Personal name Blume, Judy
Dates associated with a name 1938-
245 ## - TITLE STATEMENT
Title Tales of a fourth grade nothing /
Statement of responsibility, etc. By Judy Blume illustrated by Roy Doty
250 ## - EDITION STATEMENT
Edition statement 1991
260 ## - PUBLICATION, DISTRIBUTION, ETC.
Place of publication, distribution, etc. New York :
Name of publisher, distributor, etc. A Yearling,
Date of publication, distribution, etc. 1991.
300 ## - PHYSICAL DESCRIPTION
Extent 120 pages :
Other physical details illustrations ;
Dimensions 20cm
505 ## - FORMATTED CONTENTS NOTE
Formatted contents note J<br/>
520 ## - SUMMARY, ETC.
Summary, etc. Peter finds his demanding two-year-old brother an ever increasing problem.
521 8# - TARGET AUDIENCE NOTE
Target audience note 470L<br/>
Source Lexile<br/>
521 8# - TARGET AUDIENCE NOTE
Target audience note J<br/>
Source Raz-Plus<br/>
650 ## - SUBJECT ADDED ENTRY--TOPICAL TERM
Source of heading or term Realistic fiction
Topical term or geographic name entry element Fiction
650 ## - SUBJECT ADDED ENTRY--TOPICAL TERM
Source of heading or term Siblings
Topical term or geographic name entry element Young adult
700 ## - ADDED ENTRY--PERSONAL NAME
Personal name Doty, Roy
Dates associated with a name Illustrator
942 ## - ADDED ENTRY ELEMENTS (KOHA)
Source of classification or shelving scheme Dewey Decimal Classification
Koha item type Books
Suppress in OPAC No
Holdings
Withdrawn status Lost status Source of classification or shelving scheme Damaged status Not for loan Collection Home library Current library Shelving location Date acquired Total Checkouts Full call number Barcode Date last seen Copy number Price effective from Koha item type
    Dewey Decimal Classification     Juvenile Fiction Footprints International School Library Network Toul Kork Campus Footprints International School Library Network Toul Kork Campus TTP Primary Dark Blue Bookshelves 09/17/2024   BLU 813.54 PZ7.B6265 2024-1981 09/17/2024 1 09/17/2024 Books